00557nam a22001817a 450000500170000001000150001702000260003203500130005803700130007108200180008424500840010226000310018627000780021730000250029550000200032070000160034070000190035620140306154850.0 aENG-108669 a9780415710060c895.00 aEN-92202 bDBAD/PUB a307.141720954 aTribal development in western India /cedited by Amita Shah [and] Jharna Pathak aNew DelhibRoutledgec2014 a912 Tolstory House,15-17 Tolstoy Marg, Connaught PlacebNew Delhie110001 axxiv,344p.c22cm(Hb) aIncludes index aShah, Amita aPathak, Jharna